Introduction to psychology / (Record no. 155009)

MARC details
000 -LEADER
fixed length control field 00599nam a22002177a 4500
003 - CONTROL NUMBER IDENTIFIER
control field dpl
005 - DATE AND TIME OF LATEST TRANSACTION
control field 20180727171919.0
008 - FIXED-LENGTH DATA ELEMENTS--GENERAL INFORMATION
fixed length control field 180727b xxu||||| |||| 00| 0 eng d
010 ## - LIBRARY OF CONGRESS CONTROL NUMBER
LC control number B-006750
016 ## - NATIONAL BIBLIOGRAPHIC AGENCY CONTROL NUMBER
Record control number B-006750
020 ## - INTERNATIONAL STANDARD BOOK NUMBER
International Standard Book Number 8174730907
035 ## - SYSTEM CONTROL NUMBER
System control number B-006750
040 ## - CATALOGING SOURCE
Transcribing agency 0
082 ## - DEWEY DECIMAL CLASSIFICATION NUMBER
Classification number 150
100 ## - MAIN ENTRY--PERSONAL NAME
Personal name Fernald L.Dodge
245 ## - TITLE STATEMENT
Title Introduction to psychology /
Statement of responsibility, etc by L.Dodge Fernald
260 ## - PUBLICATION, DISTRIBUTION, ETC. (IMPRINT)
Date of publication, distribution, etc 1999
Place of publication, distribution, etc A.I.T.B.S publishers and distributors
Name of publisher, distributor, etc New delhi
300 ## - PHYSICAL DESCRIPTION
Extent xxviii, 643p.
Dimensions 26cm. (Hb)
700 ## - ADDED ENTRY--PERSONAL NAME
Personal name Fernald peter S.
942 ## - ADDED ENTRY ELEMENTS (KOHA)
Source of classification or shelving scheme Dewey Decimal Classification
Koha item type English Books
Classification part 150
Call number suffix FER
Holdings
Withdrawn status Lost status Source of classification or shelving scheme Damaged status Not for loan Collection code Home library Current library Date acquired Source of acquisition Cost, normal purchase price Total Checkouts Total Renewals Full call number Barcode Date last seen Date checked out Cost, replacement price Price effective from Koha item type
    Dewey Decimal Classification     Non-fiction Shahdara Branch Shahdara Branch 27/07/2018 BPPD/PUB 0.00 3 2 150 FER B-006750 15/05/2019 27/04/2019 0.00 27/07/2018 English Books

© Delhi Public Library
Hit Counter
free hit counter